000 00471nam a2200181Ia 4500
003 GCL
008 140319s9999 xx 000 0 ara d
040 _aGCL /
_cGCL
082 0 4 _a813.009
_bف ف
100 1 _aفتحى الابيارى
245 1 0 _aفن القصة عند محمود تيمور? /
_cفتحى الابيارى
300 _a140 ص
490 _a
650 0 4 _aالادب
650 0 4 _aالقصص
650 0 4 _aتاريخ ونقد
942 _2ddc
_cBK
999 _c40378
_d40378